TV Missing Persons Quiz Stats

 Plays Quiz Updated Mar 19, 2013

Also try: TV Name Swap
Challenge
Share
Tweet
Embed
Score 0/60 Timer 06:00
0 Plays Today
% Correct
Grey
94.9%
Malcolm
94.5%
Buffy
94.5%
Sabrina
93.8%
Raymond
93.8%
Betty
93.6%
Dawson
92.5%
Gilligan
89.9%
Lucy
89.8%
Earl
89.3%
Magnum
87.9%
Jeannie
86.3%
Walker
85.6%
Raven
84.8%
Dr. Quinn
81.7%
Hogan
80.9%
Chris
79%
Susan
76.9%
Dexter
76.6%
Christine
76.3%
Knight
75.9%
Charles
75.6%
Smart
74.2%
Doogie Howser
73.5%
Jordan
71.9%
Hope
71.5%
Kotter
70.5%
Jackie
70.2%
Scooby-Doo
69.8%
Grace
67.1%
% Correct
Fawlty
66.7%
Hart
64.5%
Clarissa
64.5%
Ben Stein
64.2%
Ted
62.8%
John
60.3%
Mr. Cooper
59.5%
Rocko
59.3%
Veronica
58.7%
Caroline
55.5%
Gomer Pyle
54.5%
Zoey
52.3%
Buck Rogers
51.1%
Quincy
47.6%
Spartacus
46.7%
Eddie
44.4%
Spenser
42.7%
Archie Bunker
41.1%
Dobie Gillis
34.7%
Sam
32.5%
Bobby
32.4%
Parker Lewis
32.2%
Owen Marshall
29.7%
Molly Dodd
28.7%
Blackadder
21.8%
Larry
17%
Sidney
15.6%
Buntz
15.2%
Sheriff Lobo
12.8%
Judd
10.5%

You're not logged in!

Compare scores with friends on all Sporcle quizzes.
OR
Log In

You Might Also Like...

Show Comments

Extras

Top Quizzes Today


Score Distribution

Your Account Isn't Verified!

In order to create a playlist on Sporcle, you need to verify the email address you used during registration. Go to your Sporcle Settings to finish the process.

Report this User

Report this user for behavior that violates our Community Guidelines.

Details: